000 00584nam a2200241 a 4500
001 nice12345678
003 IN_TiNIC
005 20260116012900.0
008 050524s1967 lona grp 000 0 eng
020 _a
_c509.2
082 0 0 _a201
_bWEA
100 _aWeatherhead, Leslie D
245 _aChristian Agnostic.
260 _aLondon
_bHodder & Stoughton
_c1967
300 _a304p
500 _aincludes index and biblioraphy
505 2 _aIndex
650 _aPhilosophical-Theology
700 1 _aWeatherhead, Leslie D
902 _bSRS
942 _cBK
999 _c8748
_d8748